000 00569nam a2200205 4500
003 SEACOMEC
005 20231005093937.0
008 231005b |||||||| |||| 00| 0 eng d
020 _cRs. 190.00
040 _aSEACOMEC
082 _a621.31042
_bDEE
100 1 _aDeepa, K.
245 1 _aElectrical Machanies
_cK. Deepa, D. Zamrooth and T. Porselvi
260 _aChennai
_bScitech
_c2000
650 _aApplied Physics
650 _aGeneration, modification, storage, transmission of electric power
700 1 _aZamrooth, D.
700 1 _aPorselvi, T.
942 _cBOOK
999 _c89
_d89